| 000 | 00442nam a2200157Ia 4500 | ||
|---|---|---|---|
| 008 | 121108t1992 xxu||||| |||| 00| 0 sin d | ||
| 041 | _asin | ||
| 080 |
_aX8S1 _bHAD |
||
| 245 | _aහද මැදුරෙහි දොරටු හැරා | ||
| 246 | _aHada Medurehi Doratu Hera | ||
| 260 |
_bRenko Mudhdhranalaya _aColombo 03 _c1992 |
||
| 300 | _b43p., 22 cm | ||
| 942 | _cBK | ||
| 999 |
_c77149 _d77149 |
||
| 003 | LK-CoDNM | ||
| 040 |
_aLK-CoDNM _dLK-CoDNM _eLK-CoDNM |
||